|
|
|
|
| LEADER |
00893aam a22002418a 4500 |
| 001 |
00029066 |
| 005 |
20171026081025.0 |
| 008 |
120504s2011 ||||||viesd |
| 020 |
|
|
|c 126000
|
| 041 |
0 |
# |
|a vie
|
| 082 |
1 |
4 |
|a 338.959 7
|b B108C
|
| 100 |
1 |
# |
|a Nguyễn, Đức Thành
|
| 245 |
1 |
0 |
|a Nền kinh tế trước ngã ba đường
|b Báo cáo thường niên kinh tế Việt Nam 2011
|c Nguyễn Đức Thành chủ biên
|
| 260 |
# |
# |
|a Hà Nội
|b Đại học quốc gia Hà Nội
|c 2011
|
| 300 |
# |
# |
|a 448tr.
|b hình vẽ, bảng
|c 24cm.
|
| 650 |
# |
4 |
|a Kinh tế
|z Việt Nam
|
| 653 |
# |
# |
|a Báo cáo
|
| 653 |
# |
# |
|a Kinh tế Việt Nam
|
| 653 |
# |
# |
|a Phát triển
|
| 852 |
# |
# |
|b Kho đọc
|j KD.0013505
|
| 852 |
# |
# |
|j KD.0013505
|
| 910 |
|
|
|d 04/05/2012
|
| 980 |
# |
# |
|a Trung tâm Học liệu Lê Vũ Hùng, Trường Đại học Đồng Tháp
|